[Event "Reunion op 17th"]
[Site "St Denis"]
[Date "2015.10.10"]
[Round "2"]
[White "Cazal, Julian"]
[Black "Ringayen, Francinel"]
[Result "0-1"]
[WhiteElo "1070"]
[BlackElo "1320"]
[PlyCount "100"]
[EventDate "2015.10.10"]
[EventType "swiss"]
[EventRounds "9"]
[EventCountry "RUF"]
[SourceTitle "CBM 168 Extra"]
[Source "ChessBase"]
[SourceDate "2015.10.29"]
[SourceVersion "1"]
[SourceVersionDate "2015.10.29"]
[SourceQuality "1"]

1. e4 e5 2. Nf3 Nc6 3. Bc4 Bc5 4. 0-0 Nf6 5. c3 d5 6. d4 dxc4 7. dxc5 Qxd1 8. Rxd1 Nxe4 9. Re1 Nxc5 10. Nxe5 Nxe5 11. Rxe5+ Ne6 12. Re1 Bd7 13. Nd2 Bb5 14. Nf3 0-0-0 15. Be3 b6 16. Nd4 Nxd4 17. cxd4 Bc6 18. f3 h6 19. Rad1 Rhe8 20. Rc1 Bd5 21. b3 cxb3 22. axb3 Bxb3 23. Rc3 Bd5 24. Ra1 Kb7 25. Bf4 Rd7 26. Rca3 Ra8 27. Rc3 a5 28. Rac1 Rc8 29. Bd2 Rd6 30. Ra3 Ra8 31. Rac3 Rc6 32. Rxc6 Bxc6 33. Bf4 Rd8 34. Re1 Rxd4 35. Bg3 a4 36. Re7 Rd7 37. Re8 a3 38. Be5 a2 39. Ba1 Rd1+ 40. Kf2 Rxa1 41. Kg3 Rb1 42. Re3 a1Q 43. Re2 Rf1 44. Rf2 Qe5+ 45. f4 Qe3+ 46. Rf3 Rxf3+ 47. gxf3 Qxf3+ 48. Kh4 Bd7 49. f5 g5+ 50. fxg6 Qg4# 0-1

[Event "Reunion op 17th"]
[Site "St Denis"]
[Date "2015.10.10"]
[Round "4"]
[White "Goorsahye, Antoine"]
[Black "Ringayen, Francinel"]
[Result "1-0"]
[WhiteElo "1741"]
[BlackElo "1320"]
[PlyCount "139"]
[EventDate "2015.10.10"]
[EventType "swiss"]
[EventRounds "9"]
[EventCountry "RUF"]
[SourceTitle "CBM 168 Extra"]
[Source "ChessBase"]
[SourceDate "2015.10.29"]
[SourceVersion "1"]
[SourceVersionDate "2015.10.29"]
[SourceQuality "1"]

1. e4 e5 2. Nf3 Nc6 3. Bb5 Bd6 4. 0-0 Nf6 5. d3 0-0 6. Nc3 Re8 7. Bg5 h6 8. Bh4 a6 9. Ba4 b5 10. Bb3 g5 11. Bg3 Bc5 12. Nxe5 Nxe5 13. d4 Bxd4 14. Qxd4 d6 15. Bxe5 dxe5 16. Qe3 Qd4 17. Qf3 Qd6 18. Rad1 Qc6 19. Nd5 Kg7 20. h3 a5 21. a3 Bb7 22. Rd3 Qd6 23. Rfd1 Nxd5 24. Bxd5 Bxd5 25. Rxd5 Qc6 26. Rd7 Rf8 27. c3 Ra7 28. Qg4 Qf6 29. R1d3 Rb7 30. Rf3 Qc6 31. Qf5 Qg6 32. Qxe5+ Kg8 33. Rf6 Qg7 34. Qf5 Rb6 35. e5 Rxf6 36. exf6 Qg6 37. Qxg6+ fxg6 38. Rg7+ Kh8 39. Rxg6 Kh7 40. Rg7+ Kh8 41. Rxc7 Rxf6 42. Rc5 Rb6 43. b4 axb4 44. axb4 Kg7 45. Kf1 Kf6 46. Ke2 Ke6 47. Ke3 Kf6 48. Kd4 Ke6 49. Ke4 Kf7 50. Kd5 Rf6 51. f3 Rb6 52. Rc6 Rb8 53. Rxh6 Rd8+ 54. Rd6 Rc8 55. Rc6 Rd8+ 56. Kc5 Rb8 57. Rb6 Rc8+ 58. Kxb5 Rxc3 59. Ka6 Rc2 60. g4 Rc3 61. Rb5 Kg6 62. Rf5 Ra3+ 63. Kb7 Re3 64. b5 Re7+ 65. Ka6 Rh7 66. b6 Rxh3 67. b7 Rh8 68. Ka7 Rg8 69. b8Q Rxb8 70. Kxb8 1-0

[Event "Reunion op 17th"]
[Site "St Denis"]
[Date "2015.10.10"]
[Round "3"]
[White "Ringayen, Francinel"]
[Black "Cochard, Franck Olivier"]
[Result "0-1"]
[WhiteElo "1320"]
[BlackElo "1646"]
[PlyCount "112"]
[EventDate "2015.10.10"]
[EventType "swiss"]
[EventRounds "9"]
[EventCountry "RUF"]
[SourceTitle "CBM 168 Extra"]
[Source "ChessBase"]
[SourceDate "2015.10.29"]
[SourceVersion "1"]
[SourceVersionDate "2015.10.29"]
[SourceQuality "1"]

1. e4 d5 2. exd5 Nf6 3. Nc3 Nxd5 4. Nxd5 Qxd5 5. Qf3 Qxf3 6. Nxf3 e6 7. d4 Be7 8. Bd3 0-0 9. 0-0 Nc6 10. Bf4 Bd6 11. Bxd6 cxd6 12. a3 Bd7 13. Rfe1 h6 14. c3 Rac8 15. b4 d5 16. Rac1 Rc7 17. a4 Rfc8 18. Rb1 Ne7 19. b5 Rxc3 20. Red1 Ng6 21. g3 Ra3 22. Ra1 Rxa1 23. Rxa1 Rc3 24. Bxg6 Rxf3 25. Bc2 Rc3 26. Ra2 Rc4 27. Kg2 Rxd4 28. b6 axb6 29. a5 bxa5 30. Rxa5 Rc4 31. Bd3 Rc3 32. Bb1 g6 33. Ra7 Bc6 34. Kh3 Kg7 35. f4 Kf6 36. Kh4 Rb3 37. Ba2 Rb2 38. h3 Rh2 39. Ra3 d4 40. g4 Bg2 41. g5+ hxg5+ 42. fxg5+ Ke7 43. Rb3 Bd5 44. Rb4 Rxa2 45. Rxd4 b5 46. Rb4 Ra4 47. Rxa4 bxa4 48. Kg4 a3 49. h4 a2 50. h5 gxh5+ 51. Kxh5 a1Q 52. Kh6 Qh1+ 53. Kg7 Qg2 54. g6 Qxg6+ 55. Kh8 Qg1 56. Kh7 Kf6 0-1

[Event "Reunion op 16th"]
[Site "St Denis"]
[Date "2014.10.23"]
[Round "7"]
[White "Dennemont, Bruno"]
[Black "Ringayen, Francinel"]
[Result "1-0"]
[WhiteElo "1620"]
[BlackElo "1361"]
[PlyCount "107"]
[EventDate "2014.10.18"]
[EventType "swiss"]
[EventRounds "9"]
[EventCountry "RUF"]
[SourceTitle "EXT 2015"]
[Source "ChessBase"]
[SourceDate "2014.11.20"]
[SourceVersion "1"]
[SourceVersionDate "2014.11.20"]
[SourceQuality "1"]

1. e4 e5 2. Nf3 Nc6 3. Bc4 Nf6 4. Ng5 d5 5. exd5 Na5 6. Bb5+ c6 7. dxc6 bxc6 8. Be2 Bc5 9. d3 Bb4+ 10. c3 Bd6 11. Ne4 Nxe4 12. dxe4 Bc7 13. 0-0 Qxd1 14. Rxd1 0-0 15. Bg5 h6 16. Bh4 Be6 17. Nd2 Bd8 18. Bg3 f6 19. b4 Nb7 20. c4 c5 21. b5 Nd6 22. Rac1 Ba5 23. Nb3 Bc7 24. Nxc5 Rfe8 25. Na6 Nxe4 26. Nxc7 Nxg3 27. hxg3 Kf7 28. Nxa8 Rxa8 29. a4 Ke7 30. c5 Bb3 31. Rd6 Bxa4 32. Rc6 Kd7 33. Bg4+ Kd8 34. Rd6+ Ke7 35. b6 axb6 36. Rxb6 Ra7 37. Ra1 Ra8 38. Bd1 Bc6 39. Rxa8 Bxa8 40. Ba4 Kd8 41. Rb8+ Kc7 42. Rxa8 Kb7 43. Rg8 g5 44. Rg7+ Kc8 45. Bc6 f5 46. Bb7+ Kb8 47. c6 f4 48. Rg8+ Kc7 49. gxf4 gxf4 50. f3 h5 51. Rg7+ Kb8 52. Ba6 e4 53. c7+ Ka8 54. c8R# 1-0

[Event "Reunion op 14th"]
[Site "St Denis"]
[Date "2012.10.07"]
[Round "2"]
[White "Ringayen, Francinel"]
[Black "Ringayen, Rose May"]
[Result "1-0"]
[WhiteElo "1180"]
[BlackElo "1567"]
[PlyCount "161"]
[EventDate "2012.10.06"]
[EventType "swiss"]
[EventRounds "9"]
[EventCountry "RUF"]
[SourceTitle "EXT 2013"]
[Source "ChessBase"]
[SourceDate "2012.11.22"]
[SourceVersion "1"]
[SourceVersionDate "2012.11.22"]
[SourceQuality "1"]

1. e4 e5 2. Nf3 Nc6 3. Nc3 Nf6 4. d4 exd4 5. Nxd4 Bc5 6. Be3 0-0 7. Nxc6 dxc6 8. Qxd8 Rxd8 9. Bxc5 b6 10. Be7 Re8 11. Bxf6 gxf6 12. Bd3 Bb7 13. 0-0 Rad8 14. Rad1 b5 15. Ne2 Ba6 16. Ng3 c5 17. b3 c4 18. bxc4 bxc4 19. Be2 Rb8 20. Rb1 h6 21. Nh5 Red8 22. Rxb8 Rxb8 23. Nxf6+ Kg7 24. Nh5+ Kh7 25. Nf6+ Kg6 26. e5 Kg7 27. Nh5+ Kh7 28. Nf6+ Kg7 29. Bh5 c3 30. Rc1 Rb5 31. Ne8+ Kf8 32. Nf6 Ke7 33. Ng8+ Ke6 34. f4 Rb2 35. Bg4+ Kd5 36. Ne7+ Kc5 37. e6 fxe6 38. Bxe6 Bc4 39. Bxc4 Kxc4 40. f5 Rb6 41. Re1 Rd6 42. Rf1 Rf6 43. h4 Rf7 44. f6 Kb4 45. g4 Ka3 46. g5 hxg5 47. hxg5 Kb2 48. g6 Rf8 49. g7 Rd8 50. f7 Kxc2 51. g8Q Rd3 52. Qh7 c5 53. f8R Kd2 54. R1f2+ Ke3 55. R8f3+ Kd4 56. Qe4+ Kxe4 57. Rf4+ Ke5 58. Rf5+ Ke6 59. Re2+ Kd6 60. Nc8+ Kd7 61. Nxa7 c4 62. Rc5 Kd6 63. Rxc4 Kd5 64. Rc8 Kd4 65. Nb5+ Kd5 66. Rd8+ Kc4 67. Na3+ Kb4 68. Rxd3 Kxa3 69. Rxc3+ Kb4 70. Rg3 Kc4 71. Re4+ Kd5 72. Ra4 Ke5 73. Rg5+ Kf6 74. Rb5 Ke6 75. Ra6+ Kd7 76. Rb7+ Kc8 77. Rg7 Kb8 78. Rh6 Kc8 79. Ra6 Kb8 80. Rh6 Kc8 81. Rh8# 1-0

[Event "Reunion op 13th"]
[Site "St Denis"]
[Date "2011.10.01"]
[Round "1"]
[White "Ane, Regis"]
[Black "Ringayen, Francinel"]
[Result "1-0"]
[WhiteElo "1947"]
[BlackElo "1100"]
[PlyCount "63"]
[EventDate "2011.10.01"]
[EventType "swiss"]
[EventRounds "9"]
[EventCountry "RUF"]
[SourceTitle "EXT 2012"]
[Source "ChessBase"]
[SourceDate "2011.11.24"]
[SourceVersion "1"]
[SourceVersionDate "2011.11.24"]
[SourceQuality "1"]

1. e4 c6 2. d4 d6 3. f4 e6 4. Nf3 c5 5. dxc5 Qa5+ 6. Nc3 Qxc5 7. Bd3 d5 8. exd5 exd5 9. Qe2+ Qe7 10. Qxe7+ Bxe7 11. Nxd5 Bg4 12. Nc7+ Kd7 13. Nxa8 Nc6 14. Ne5+ Nxe5 15. fxe5 f6 16. e6+ Bxe6 17. Bf4 g5 18. Bg3 Nh6 19. Nc7 Bg4 20. Nd5 Bd8 21. h3 Bh5 22. 0-0 Ng8 23. Bf5+ Kc6 24. c4 b5 25. Be4 Be2 26. Nc3+ Kc5 27. b4+ Kxb4 28. Nxe2 Bb6+ 29. Kh2 Ne7 30. Bd6+ Bc5 31. Rab1+ Kxc4 32. Rfc1# 1-0